000 00692nam a2200241Ia 4500
003 OSt
005 20220928112049.0
006 a|||||r|||| 00| 0
007 ta
008 220927b |||||||| |||| 00| 0 eng d
024 _a143874
037 _cTextual
040 _aSDCL
_cSDCL
_beng
041 _2eng
_aeng
082 _aV592,3'N8, M2
100 _aNelson Daniel Ed.
_9426099
245 0 _aCommunist legislatures in comparative perspective.
260 _aLondon
_bMacmillan
_c1982
300 _aix,201p.
_ccm.
700 _a White Stephen Ed.
_9426100
942 _hV592,3'N8, M2
_cTEXL
_2CC
999 _c743104
_d743104